Problem of Hindi: A Study (Record no. 224276)
[ view plain ]
| 000 -LEADER | |
|---|---|
| fixed length control field | 00495nam a22001817a 4500 |
| 005 - DATE AND TIME OF LATEST TRANSACTION | |
| control field | 20220729102548.0 |
| 008 - FIXED-LENGTH DATA ELEMENTS--GENERAL INFORMATION | |
| fixed length control field | 220728b ||||| |||| 00| 0 eng d |
| 040 ## - CATALOGING SOURCE | |
| Transcribing agency | AL |
| 041 ## - LANGUAGE CODE | |
| Language code of text/sound track or separate title | English |
| 082 ## - DEWEY DECIMAL CLASSIFICATION NUMBER | |
| Edition number | 23 |
| Classification number | 491.43 |
| Item number | MUNP |
| 100 ## - MAIN ENTRY--PERSONAL NAME | |
| Personal name | K M Munshi and others |
| 100 ## - MAIN ENTRY--PERSONAL NAME | |
| 9 (RLIN) | 53947 |
| 245 ## - TITLE STATEMENT | |
| Title | Problem of Hindi: A Study |
| 260 ## - PUBLICATION, DISTRIBUTION, ETC. | |
| Place of publication, distribution, etc. | Bombay |
| Name of publisher, distributor, etc. | Bharatiya Vidya Bhavan |
| Date of publication, distribution, etc. | 1965 |
| 300 ## - PHYSICAL DESCRIPTION | |
| Extent | 165 p. |
| Other physical details | PB |
| Dimensions | 18x12 cm. |
| 650 ## - SUBJECT ADDED ENTRY--TOPICAL TERM | |
| Topical term or geographic name entry element | Problem of Hindi |
| 9 (RLIN) | 53948 |
| 700 ## - ADDED ENTRY--PERSONAL NAME | |
| Personal name | MAJUMDAR (A K) |
| 9 (RLIN) | 53949 |
| 942 ## - ADDED ENTRY ELEMENTS (KOHA) | |
| Source of classification or shelving scheme | Dewey Decimal Classification |
| Koha item type | George Fernandes Collections |
| Withdrawn status | Lost status | Source of classification or shelving scheme | Damaged status | Not for loan | Collection code | Home library | Current library | Date acquired | Total Checkouts | Full call number | Barcode | Date last seen | Price effective from | Koha item type |
|---|---|---|---|---|---|---|---|---|---|---|---|---|---|---|
| Dewey Decimal Classification | Hindi | St Aloysius Library | St Aloysius Library | 03/23/2013 | 491.43 MUNP | GF02445 | 07/28/2022 | 07/28/2022 | George Fernandes Collections |